| 000 | 00610nam a2200181Ia 4500 | ||
|---|---|---|---|
| 008 | 090630s9999 xx 000 0 und d | ||
| 082 | _b1535 | ||
| 100 | _aकुकडे कृ. वि. | ||
| 245 |
_aआजा-याची शुश्रुषा. _cकुकडे कृ. वि. |
||
| 260 |
_bकुकडे. _c1936 |
||
| 300 | _a203 | ||
| 600 | _aकुकडे कृ. वि. | ||
| 630 | _aआजा-याची शुश्रुषा. | ||
| 655 | _aइतर. | ||
| 700 | _aकुकडे कृ. वि. | ||
| 730 | _aआजा-याची शुश्रुषा. | ||
| 942 | _cBOOK | ||
| 999 |
_c253391 _d253391 |
||